000 00428nam a2200181Ia 4500
001 14544
005 20260306164922.0
008 260306t2006||||xx |||||||||||||| ||spa||
041 _aESP
082 _a515
_bS79
100 _aStewart, James
_eAUT
245 0 _aCálculo :
_bconceptos y contextos
260 _c2006
300 _aA-148978 páginas :
_c27 cm.
650 _aGEN
654 _aCMA
942 _cLIB
_dJUS
_fJUS
_2ddc
_n
999 _c14544
_d14544